|
|
|
|
| LEADER |
01386nam a2200361Ia 4500 |
| 001 |
EBC3339127 |
| 003 |
MiAaPQ |
| 005 |
20200520144314.0 |
| 006 |
m o d | |
| 007 |
cr cn||||||||| |
| 008 |
090911s2010 maua sb 001 0 eng d |
| 010 |
|
|
|z 2009034747
|
| 020 |
|
|
|z 9780262013987 (hardcover : alk. paper)
|
| 035 |
|
|
|a (MiAaPQ)EBC3339127
|
| 035 |
|
|
|a (Au-PeEL)EBL3339127
|
| 035 |
|
|
|a (CaPaEBR)ebr10386189
|
| 035 |
|
|
|a (CaONFJC)MIL263823
|
| 035 |
|
|
|a (OCoLC)743201089
|
| 040 |
|
|
|a MiAaPQ
|c MiAaPQ
|d MiAaPQ
|
| 050 |
|
4 |
|a HT361
|b .U7173 2010
|
| 082 |
0 |
4 |
|a 307.76 09
|2 22
|
| 245 |
0 |
0 |
|a Urban modernity
|h [electronic resource] :
|b cultural innovation in the Second Industrial Revolution /
|c Miriam R. Levin ... [et al.].
|
| 260 |
|
|
|a Cambridge, MA :
|b MIT Press,
|c c2010.
|
| 300 |
|
|
|a x, 272 p. :
|b ill.
|
| 504 |
|
|
|a Includes bibliographical references and index.
|
| 533 |
|
|
|a Electronic reproduction. Ann Arbor, MI : ProQuest, 2015. Available via World Wide Web. Access may be limited to ProQuest affiliated libraries.
|
| 650 |
|
0 |
|a Urbanization
|x History.
|
| 650 |
|
0 |
|a Technological innovations
|x Economic aspects
|x History.
|
| 650 |
|
0 |
|a Industrialization
|x History.
|
| 655 |
|
4 |
|a Electronic books.
|
| 700 |
1 |
|
|a Levin, Miriam R.
|
| 710 |
2 |
|
|a ProQuest (Firm)
|
| 856 |
4 |
0 |
|u https://ebookcentral.proquest.com/lib/matrademy/detail.action?docID=3339127
|z Click to View
|